[Event "ODEM U25-A"]
[Site "Oberhof GER"]
[Date "2011.06.18"]
[Round "9.5"]
[White "Nehls,B"]
[Black "Zuferi,E"]
[Result "1-0"]
[WhiteElo "1894"]
[BlackElo "2009"]

1.Nf3 d5 2.c4 c6 3.g3 Nf6 4.Bg2 dxc4 5.O-O g6 6.Qc2 b5 7.a4 Bb7 8.Na3 a6
9.Rd1 Bg7 10.d3 cxd3 11.Rxd3 Qc8 12.Ne5 Nfd7 13.Nxd7 Nxd7 14.Bg5 h6 15.Rad1 Ne5
16.Rd8+ Qxd8 17.Rxd8+ Rxd8 18.Bf4 O-O 19.axb5 axb5 20.Nxb5 Rd7 21.Nc3 Ra8
22.h3 g5 23.Bxe5 Bxe5 24.Qf5 Ra1+ 25.Kh2 Bxg3+ 26.fxg3 Rd6 27.Be4 Kf8 28.Qh7 f5
29.Qh8+ Kf7 30.Bf3 Rf6 31.Bh5+ Ke6 32.Qg8+ Kd7 33.Qe8+ Ke6 34.Qb8 Ba6 35.Qb6 Kd7
36.Qd4+ Rd6 37.Qe5 Rf6 38.b3 Re1 39.Na4 Kd8 40.Qb8+ Kd7 41.Nb6+  1-0

[Event "49th National Challengers ch-IND"]
[Site "Aurangabad IND"]
[Date "2011.06.19"]
[Round "6"]
[White "Girish,A"]
[Black "Saptarshi,R"]
[Result "1/2-1/2"]
[WhiteElo "2288"]
[BlackElo "2377"]

1.Nf3 d5 2.c4 e6 3.g3 c6 4.Bg2 Nf6 5.Qc2 dxc4 6.Qxc4 b5 7.Qc2 Bb7 8.d4 Nbd7
9.Nc3 a6 10.O-O c5 11.Bg5 Qb6 12.Rad1 Rc8 13.dxc5 Bxc5 14.e3 h6 15.Bxf6 Nxf6
16.Qe2 O-O 17.Nd2 Bxg2 18.Kxg2 Bb4 19.Nce4 Nxe4 20.Nxe4 f5 21.Rd4 Be7 22.Nc3 Bf6
23.Rd3 b4 24.Nb1 Qc6+ 25.Kg1 Rfd8 26.b3 Rxd3 27.Qxd3 a5 28.Nd2 Qd5 29.Qa6 Rc2
30.Nc4 Rxa2 31.Qc8+ Kh7 32.Nb6 Qd6 33.Nc4 Qd5 34.Nb6 Qd6 35.Nc4 Qd5  1/2-1/2

[Event "e2e4 Gatwick Open"]
[Site "London ENG"]
[Date "2011.06.19"]
[Round "5"]
[White "Willmoth,R"]
[Black "Crouch,C"]
[Result "0-1"]
[WhiteElo "2164"]
[BlackElo "2343"]

1.Nf3 d5 2.c4 c6 3.g3 dxc4 4.Bg2 Nd7 5.O-O Ngf6 6.a4 Nc5 7.b4 Nb3 8.Ra2 e5
9.Ba3 e4 10.Ng5 Bf5 11.Nc3 Nd5 12.Ngxe4 Nxb4 13.Rb2 Be6 14.f4 Qb6+ 15.Kh1 O-O-O
16.f5 Bd5 17.Nxd5 Nxd5 18.Bxf8 Rhxf8 19.Qc2 Qa6 20.Nc3 Nf6 21.d3 Nd4 22.Qb1 cxd3
23.exd3 Rfe8 24.Rc1 Kb8 25.Ne4 Nxe4 26.dxe4 Re7 27.Rb4 Qa5 28.Rbc4 Red7 29.h3 Qe5
30.g4 Ne2 31.Re1 Rd2 32.Rc2 Ng3+ 33.Kg1 Qf4 34.Rxd2 Rxd2 35.Qb4 Qf2+  0-1

[Event "Voronezh FIDE Open"]
[Site "Voronezh RUS"]
[Date "2011.06.19"]
[Round "8.22"]
[White "Chernyshev,A1"]
[Black "Grachev,Andrey"]
[Result "1/2-1/2"]
[WhiteElo "2040"]
[BlackElo "1848"]

1.Nf3 d5 2.c4 e6 3.g3 Nf6 4.Bg2 Be7 5.O-O O-O 6.b3 c5 7.Bb2 Nc6 8.d3 b6 9.Ne5 Nxe5
10.Bxe5 Bb7 11.Qc2 Qd7 12.Nd2 Ng4 13.Bb2 d4 14.Nf3 Bd6 15.b4 f5 16.h3 Rf6
17.bxc5 bxc5 18.Rab1 Bc6 19.Ba3 Qc7 20.Ne1 e5 21.Bxc6 Qxc6 22.Rb5  1/2-1/2

[Event "Baltija Cup Open A"]
[Site "Palanga LTU"]
[Date "2011.06.20"]
[Round "2.9"]
[White "Putka,V"]
[Black "Zalimaite,I"]
[Result "1-0"]
[WhiteElo "2297"]
[BlackElo "1917"]

1.Nf3 d5 2.c4 e6 3.g3 Nf6 4.Bg2 c5 5.cxd5 Nxd5 6.O-O Nc6 7.d4 Qb6 8.e4 Nf6
9.d5 Nd4 10.Nbd2 Nxf3+ 11.Qxf3 Be7 12.Nc4 Qa6 13.b3 b5 14.Ne3 O-O 15.Bb2 exd5
16.e5 Ne8 17.Nxd5 Bd8 18.Nf6+ Nxf6 19.Qxa8 Nd7 20.Qc6 Qxc6 21.Bxc6 a6 22.Rac1 Bb6
23.a4 b4 24.Rcd1 Nb8 25.Bd5 Bh3 26.Rfe1 Re8 27.Bc4 Kf8 28.f3 Be6 29.Bxe6 Rxe6
30.Kg2 Nc6 31.f4 Na5 32.f5 Rc6 33.Rd6 Ke7 34.Red1 Bc7 35.Rxc6 Nxc6 36.Rd5  1-0

[Event "25th Open Pula"]
[Site "Pula CRO"]
[Date "2011.06.20"]
[Round "3.21"]
[White "Franic,M"]
[Black "Rabus,B"]
[Result "1-0"]
[WhiteElo "2381"]
[BlackElo "2198"]

1.Nf3 d5 2.c4 c6 3.b3 Nf6 4.Bb2 Bf5 5.Nh4 Bg6 6.Nxg6 hxg6 7.Qc2 e6 8.g3 Nbd7
9.Bg2 Bd6 10.O-O Qe7 11.d3 O-O 12.a3 e5 13.Nd2 Rfe8 14.b4 e4 15.c5 Bc7 16.Bd4 exd3
17.exd3 Qe6 18.f4 Ng4 19.Qc3 Qf5 20.Rae1 Re6 21.Rxe6 Qxe6 22.Nf3 Ndf6 23.Re1 Qd7
24.h3 Nh6 25.Ne5 Qf5 26.Rf1 Nd7 27.g4 Qe6 28.Nxd7 Qxd7 29.Bxg7 Kh7 30.Be5 Re8
31.d4 Bd8 32.f5 gxf5 33.gxf5 Bg5 34.f6 Rg8 35.Kh2 Rg6 36.Rf3 Qe6 37.Bf1 Bxf6
38.Bd3 Bxe5+ 39.dxe5 f5 40.exf6  1-0

[Event "Voronezh FIDE Open"]
[Site "Voronezh RUS"]
[Date "2011.06.20"]
[Round "9.4"]
[White "Kondenko,A"]
[Black "Lugovskoy,M"]
[Result "0-1"]
[WhiteElo "2242"]
[BlackElo "2198"]

1.Nf3 d5 2.c4 e6 3.g3 Nf6 4.Bg2 Be7 5.O-O O-O 6.d4 c6 7.Qc2 Nbd7 8.Bf4 Ne4
9.Nc3 f5 10.Ne5 Bf6 11.Rad1 Qe7 12.f3 Nxc3 13.Qxc3 c5 14.e3 Nb6 15.h4 cxd4
16.exd4 Bxe5 17.dxe5 Nxc4 18.b3 Nb6 19.Qa5 Nd7 20.Bg5 Qf7 21.Rfe1 b6 22.Qa3 Bb7
23.Rc1 Rfc8 24.Rxc8+ Bxc8 25.Rc1 h6 26.Be3 Qf8 27.Qa4 Nxe5 28.Rc7 Qd8 29.Rxa7 Rxa7
30.Qxa7 d4 31.Bf4 Nc6 32.Qa8 Qd7 33.Bf1 Kh7 34.Bc4 Bb7 35.Bxe6 Qxe6 36.Qxb7 Nb4
37.Bd2 Nxa2 38.Qa6 Qxb3 39.Qe2 Nc3 40.Qe1 Nd5 41.Kg2 Qd3 42.h5 b5 43.Bf4 Nxf4+
44.gxf4 Qe3  0-1

[Event "Zonal 2.4"]
[Site "Araruama BRA"]
[Date "2011.06.22"]
[Round "4"]
[White "Cordova,E"]
[Black "Molina,Rob"]
[Result "1/2-1/2"]
[WhiteElo "2561"]
[BlackElo "2406"]

1.Nf3 d5 2.c4 e6 3.e3 Nf6 4.d4 Be7 5.Bd3 dxc4 6.Bxc4 c5 7.O-O cxd4 8.exd4 O-O
9.Qe2 a6 10.a4 Nc6 11.Rd1 Bd7 12.Nc3 Nb4 13.Ne5 Bc6 14.Nxc6 bxc6 15.Bf4 a5
16.Be5 Bd6 17.Qf3 Nbd5 18.Qg3 Bxe5 19.dxe5 Nd7 20.Nxd5 cxd5 21.Bb5 Nc5 22.Rac1 Na6
23.f4 Nb4 24.Qe3 Qe7 25.Qb6 Qa7 26.Qxa7 Rxa7 27.g3 g6 28.Kf2 f6 29.exf6 Rxf6
30.Ke3 Rf8 31.Kd4 Kf7 32.Ke5 Ke7 33.h4 Rf5+ 34.Kd4 Rf8 35.Rc5 Kd6 36.Rdc1 h6
37.Rc8 Rxc8 38.Rxc8 g5 39.hxg5 hxg5 40.Rd8+ Ke7 41.Rg8 Kf6 42.Rxg5 Re7 43.Re5 Rg7
44.Re2 Rxg3 45.Bd7 Ke7 46.Bc8 Rf3 47.Rxe6+ Kd8 48.Bb7 Kc7 49.Ba8 Rxf4+ 50.Kc5 Nd3+
51.Kxd5 Rxa4 52.Re7+ Kd8 53.Rg7 Nxb2 54.Kd6 Nc4+ 55.Kc5 Ne5 56.Bd5 Kc8 57.Re7 Ng6
58.Rg7 Nf4 59.Kc6 Kb8 60.Rg8+ Ka7 61.Bh1 Rb4 62.Re8 Rb8 63.Re4 Rc8+ 64.Kb5 Nd5
65.Re5 Nc7+ 66.Kxa5 Re8 67.Rc5 Re7 68.Rh5 Rg7 69.Kb4 Rg1 70.Rh7 Kb6  1/2-1/2

[Event "Mukachevo Summer"]
[Site "Mukachevo UKR"]
[Date "2011.06.22"]
[Round "2"]
[White "Kovalev,De"]
[Black "Meleshko,V"]
[Result "1-0"]
[WhiteElo "2482"]
[BlackElo "2285"]

1.Nf3 d5 2.c4 e6 3.b3 Nf6 4.Bb2 c5 5.g3 Nc6 6.Bg2 d4 7.O-O e5 8.e3 Bd6 9.exd4 exd4
10.Re1+ Be7 11.d3 Bf5 12.Ne5 Nxe5 13.Rxe5 Bg4 14.Qe1 Nd7 15.Bxb7 Nxe5 16.Qxe5 O-O
17.Bxa8 Qxa8 18.Nd2 Re8 19.Re1 Bd7 20.Qh5 g6 21.Qd1 h5 22.h4 a5 23.Bc1 Kg7
24.Ne4 f5 25.Ng5 Bf6 26.a4 Bc6 27.Ne6+ Kf7 28.Nc7 Rxe1+ 29.Qxe1 Qc8 30.Bf4 Qd7
31.Qxa5 Bd8 32.Qb6 Bxc7 33.Qxc7 Qxc7 34.Bxc7 Ke6 35.Kf1  1-0

[Event "4th Sveins Minneturering"]
[Site "Oslo NOR"]
[Date "2011.06.24"]
[Round "4"]
[White "Hillarp Persson,T"]
[Black "Hammer,J"]
[Result "0-1"]
[WhiteElo "2543"]
[BlackElo "2609"]

1.Nf3 d5 2.c4 e6 3.e3 Nf6 4.b3 c5 5.Bb2 Nc6 6.cxd5 Nxd5 7.a3 f6 8.Qc2 Be7
9.Bd3 Kf7 10.Be2 e5 11.O-O g6 12.d3 Be6 13.Nbd2 Rc8 14.Rac1 g5 15.Ne4 h5
16.Qb1 b6 17.Rfd1 g4 18.Nfd2 f5 19.Nc4 Qc7 20.b4 fxe4 21.dxe4 Ndxb4 22.Qa1 Na2
23.Nxe5+ Nxe5 24.Bxe5 Nxc1 25.Bxc7 Nxe2+ 26.Kf1 Rh6 27.Be5 Bc4 28.Ke1 h4
29.Rd2 h3 30.gxh3 Ng1 31.hxg4 Nf3+ 32.Kd1 Bb3+ 33.Kc1 c4 34.Rd7 c3 35.Bf4 Rh4
36.Qb1 Be6 37.Qb5 Rc5 38.Qd3 Rxg4 39.Bg3 Ne5 40.Rxe7+ Kxe7 41.Qd4 Nc6 42.Qd6+ Kf7
43.Qc7+ Ke8 44.f4 c2 45.Qd6 Bd7 46.e5 Na5 47.Qd3 Be6  0-1

[Event "4th Sveins Minneturering"]
[Site "Oslo NOR"]
[Date "2011.06.24"]
[Round "4"]
[White "Gershenov,B"]
[Black "Ellingsrud,Bjorn"]
[Result "1-0"]
[WhiteElo "2069"]
[BlackElo "1759"]

1.Nf3 d5 2.c4 dxc4 3.g3 Bd7 4.Bg2 Bc6 5.a4 e6 6.Qc2 Nf6 7.Qxc4 Nbd7 8.O-O a5
9.Qc2 Bc5 10.b3 O-O 11.Bb2 Be7 12.Na3 Nd5 13.Rad1 Bf6 14.d4 Nb4 15.Qb1 Nb6
16.e4 Qe7 17.Rfe1 g6 18.Nc2 Rfe8 19.Nxb4 axb4 20.Qc1 Rac8 21.a5 Na8 22.a6 Nb6
23.d5 Bxb2 24.Qxb2 Bb5 25.axb7 Rb8 26.dxe6 Qxe6 27.Nd4 Qf6 28.Qd2 Ba6 29.e5 Qd8
30.Nc6 Qxd2 31.Rxd2 Rxb7 32.Ra2 Bb5 33.Nd4 c6 34.Nxb5 Nd5 35.Nd6  1-0

[Event "4th Sveins Memorial"]
[Site "Oslo NOR"]
[Date "2011.06.24"]
[Round "7"]
[White "Hillarp Persson,T"]
[Black "Smith,Ax"]
[Result "1-0"]
[WhiteElo "2543"]
[BlackElo "2450"]

1.Nf3 d5 2.c4 d4 3.e3 Nc6 4.a3 e5 5.b4 dxe3 6.dxe3 Qxd1+ 7.Kxd1 Bg4 8.h3 O-O-O+
9.Nd2 Bh5 10.g4 Bg6 11.b5 Na5 12.Nxe5 Nb3 13.Nxg6 hxg6 14.Ra2 Nf6 15.Bg2 Nxc1
16.Kxc1 Be7 17.Nb3 Nd7 18.Rd1 Nc5 19.Nxc5 Bxc5 20.a4 g5 21.a5 Rxd1+ 22.Kxd1 Rh6
23.Ke2 Rd6 24.Bd5 f6 25.Kf3 c6 26.Be4 cxb5 27.cxb5 Kc7 28.Rc2 b6 29.Kg3 Rd1
30.h4 gxh4+ 31.Kxh4 Kd6 32.a6 Ke5 33.Rc4 Rd2 34.Kg3 Rb2 35.Bc6 Rb4 36.Rc1 f5
37.gxf5 Kxf5 38.Rd1 g5 39.Rd7 g4 40.Rxa7 Bd6+ 41.Kg2  1-0

[Event "7th Lazy Open"]
[Site "Lazy POL"]
[Date "2011.06.30"]
[Round "6.5"]
[White "Sokolowski,Ry"]
[Black "Jarmula,P"]
[Result "0-1"]
[WhiteElo "2115"]
[BlackElo "2081"]

1.Nf3 d5 2.c4 d4 3.g3 Nc6 4.Bg2 e5 5.d3 Nf6 6.O-O Bd6 7.Na3 O-O 8.Nc2 Re8
9.Rb1 a5 10.b3 Bg4 11.Bg5 h6 12.Bxf6 Qxf6 13.Nd2 Qd8 14.a3 f5 15.f3 Bh5 16.b4 axb4
17.axb4 g5 18.Rf2 Qd7 19.c5 Bf8 20.Ra1 Bf7 21.Bh3 Ne7 22.Nc4 Bg7 23.Na5 b6
24.cxb6 cxb6 25.Nc4 Bxc4 26.dxc4 Qc6 27.Na3 Ra7 28.Qb3 Qa4 29.Qb1 Qd7 30.Nb5 Rxa1
31.Qxa1 Rc8 32.Qa2 Qe6 33.Na3 Ra8 34.Qb3 h5 35.e4 g4 36.Bg2 fxe4 37.fxe4 Bh6
38.Rf1 Be3+ 39.Kh1 Ng6 40.Rf5 h4 41.Nb5 Qxf5 42.c5+ Qf7 43.Qd1 h3  0-1

[Event "TCh-TUR 2011"]
[Site "Konya TUR"]
[Date "2011.07.01"]
[Round "4"]
[White "Khotenashvili,B"]
[Black "Gvetadze,Sopi"]
[Result "1/2-1/2"]
[WhiteElo "2470"]
[BlackElo "2330"]

1.Nf3 d5 2.c4 c6 3.g3 Nf6 4.Bg2 dxc4 5.O-O b5 6.a4 Bb7 7.b3 cxb3 8.Qxb3 a6
9.Ne5 e6 10.axb5 axb5 11.Rxa8 Bxa8 12.Nc3 Nfd7 13.d4 Nxe5 14.dxe5 Nd7 15.Rd1 Qb8
16.Ne4 Be7 17.Nd6+ Bxd6 18.exd6 O-O 19.Bb2 Re8 20.Bxc6 Bxc6 21.Qc3 Ne5 22.Qxe5 f6
23.Qf4 Bd7 24.Qg4 Kh8 25.e4 Qb7 26.e5 f5 27.Qd4 h6 28.Rc1 Rc8 29.Rxc8+ Qxc8
30.Qc3 Qc6 31.Qxc6 Bxc6 32.Bc3 Kg8 33.f4 Kf7 34.Kf2 Ke8 35.h3 h5 36.Ke3  1/2-1/2

[Event "Nova College Chess Tournament"]
[Site "Haarlem NED"]
[Date "2011.07.02"]
[Round "2"]
[White "Admiraal,M"]
[Black "Neelotpal,D"]
[Result "1/2-1/2"]
[WhiteElo "2246"]
[BlackElo "2453"]

1.Nf3 d5 2.c4 e6 3.d4 c6 4.g3 Nf6 5.Bg2 dxc4 6.O-O Nbd7 7.a4 Be7 8.Qc2 O-O
9.Qxc4 Qa5 10.Qc2 Qf5 11.Qxf5 exf5 12.a5 a6 13.Nbd2 Nd5 14.Nc4 N7f6 15.Nfe5 Be6
16.b3 Nc3 17.e3 Nb5 18.Bb2 Rad8 19.Nd3 Nd5 20.Rfc1 f6 21.Ba3 Nxa3 22.Nxa3 Nb4
23.Nc5 Bc8 24.Rc4 Nd5 25.Bxd5+ Rxd5 26.b4 g5 27.f4 Re8 28.Kf2 Bf8 29.Rcc1 Re7
30.Rab1 Rd8 31.Rc3 Be6 32.Nxe6 Rxe6 33.Nc4 Rd5 34.Nb6 Rd8 35.Na4 Kf7 36.Nc5 Re7
37.Re1  1/2-1/2

[Event "TCh-TUR 2011"]
[Site "Konya TUR"]
[Date "2011.07.02"]
[Round "6"]
[White "Khotenashvili,B"]
[Black "Dzagnidze,N"]
[Result "1/2-1/2"]
[WhiteElo "2470"]
[BlackElo "2557"]

1.Nf3 d5 2.c4 d4 3.e3 dxe3 4.fxe3 Nf6 5.d4 e6 6.Nc3 c5 7.Be2 Nbd7 8.O-O Bd6
9.a3 a6 10.b4 cxb4 11.axb4 Bxb4 12.Qb3 Bxc3 13.Qxc3 O-O 14.Bd3 e5 15.dxe5 Ng4
16.Ba3 Re8 17.Bd6 f6 18.Rad1 Kh8 19.Bf5 Nb6 20.Bxg4 Bxg4 21.exf6 Qxf6 22.Ne5 Qe6
23.Nxg4 Qxg4 24.c5 Nd7 25.Rb1 Qe4 26.Qd4 Qc6 27.Rf7 Rg8 28.Rbf1 Rad8 29.Be7 Rde8
30.Qd6 Rc8 31.Qxc6 Rxc6 32.R1f5 b6 33.cxb6 Rxb6 34.h3 Re6 35.Bb4 Nf6 36.Bc5 Ra8
37.Bd4 Kg8 38.Rb7 Rf8 39.Rc5 Rf7 40.Rc8+ Re8 41.Rxe8+ Nxe8 42.Rb8 Re7 43.Ra8 Re6
44.Ra7 h5 45.Kf2 Kh7 46.Kf3 Nf6 47.g4 hxg4+ 48.hxg4 Kh6 49.Rc7 Rd6 50.Re7 Kg6
51.Ra7 Kh6 52.Kf4 Kg6 53.Kf3 Kh6 54.Kf4 Kg6  1/2-1/2

[Event "Karvina Open"]
[Site "Karvina CZE"]
[Date "2011.07.03"]
[Round "2.23"]
[White "Snopek,J"]
[Black "Pakhomov,A"]
[Result "0-1"]
[WhiteElo "1940"]
[BlackElo "2404"]

1.Nf3 d5 2.c4 e6 3.g3 c6 4.Bg2 Bd6 5.b3 f5 6.Bb2 Nf6 7.O-O O-O 8.d3 Qe7 9.Nbd2 e5
10.Qc2 Na6 11.d4 e4 12.Ne5 Ng4 13.Nxg4 fxg4 14.c5 Bc7 15.Qc3 Bf5 16.b4 Rae8
17.e3 Bb8 18.a4 Nc7 19.Ba3 Ne6 20.Nb3 Ng5 21.b5 Nf3+ 22.Kh1 Rf6 23.Na5 Rh6
24.Bxf3 gxf3  0-1

[Event "TCh-TUR 2011"]
[Site "Konya TUR"]
[Date "2011.07.04"]
[Round "7"]
[White "Ushenina,A"]
[Black "Atalik,E"]
[Result "0-1"]
[WhiteElo "2468"]
[BlackElo "2436"]

1.Nf3 d5 2.c4 c6 3.e3 Nf6 4.Nc3 e6 5.b3 Nbd7 6.Bb2 Bd6 7.Qc2 O-O 8.Rg1 e5
9.cxd5 Nxd5 10.Ne4 Bc7 11.Neg5 g6 12.h4 Qe7 13.Rh1 h6 14.Ne4 f5 15.Nc3 N7f6
16.a3 Nb6 17.d3 Be6 18.Be2 a5 19.Nb1 Bf7 20.Nbd2 Nbd5 21.g3 Ng4 22.e4 Ndf6
23.Nc4 b5 24.Ne3 Nxe3 25.fxe3 Ng4 26.Qxc6 Bd6 27.exf5 gxf5 28.Qc1 Rac8 29.Qd2 Bxb3
30.Bd1 Bd5 31.Rg1 b4 32.Kf1 bxa3 33.Bc1 Bb4 34.Qg2 Rxc1  0-1

[Event "TCh-TUR 2011"]
[Site "Konya TUR"]
[Date "2011.07.04"]
[Round "7"]
[White "Ustundag,Nefise Melis"]
[Black "Morgul,E"]
[Result "1/2-1/2"]
[WhiteElo "1695"]
[BlackElo "1723"]

1.Nf3 d5 2.c4 e6 3.d4 Nf6 4.e3 Be7 5.Nc3 b6 6.b3 Bb7 7.Bb2 Nbd7 8.Be2 O-O
9.O-O c5 10.Qc2 Rc8 11.Rac1 a6 12.Qb1 dxc4 13.bxc4 Bxf3 14.Bxf3 cxd4 15.exd4 Rxc4
16.Be2 Rxd4 17.Bxa6 Rh4 18.Ne2 Ng4 19.Rc8 Bd6 20.Rxd8 Bxh2+ 21.Kh1 Bg3+ 22.Kg1 Bh2+
23.Kh1 Bg3+  1/2-1/2

[Event "10th La Fere Open"]
[Site "La Fere FRA"]
[Date "2011.07.04"]
[Round "4.28"]
[White "Huyet,Yannick"]
[Black "Meunier,S"]
[Result "0-1"]
[WhiteElo "1629"]
[BlackElo "1950"]

1.Nf3 d5 2.c4 c6 3.d4 e6 4.Bf4 Nf6 5.e3 Be7 6.Bd3 O-O 7.O-O Nbd7 8.h3 b6
9.Nbd2 Bb7 10.cxd5 exd5 11.Rc1 c5 12.dxc5 bxc5 13.a3 Rc8 14.Bf5 g6 15.Bxd7 Qxd7
16.Bh6 Rfe8 17.Ne5 Qe6 18.Ndf3 Bd6 19.Nd3 Qf5 20.b4 Ba6 21.Nxc5 Bxf1 22.Qxf1 Ne4
23.Nb7 Bb8 24.Rxc8 Rxc8 25.Qa1 Qf6 26.Qxf6 Rc1+  0-1

[Event "Naantalin Open"]
[Site "Naantali FIN"]
[Date "2011.07.04"]
[Round "1"]
[White "Haapasalo,JP"]
[Black "Rantamo,K"]
[Result "1-0"]
[WhiteElo "2086"]
[BlackElo "1935"]

1.Nf3 d5 2.c4 e6 3.g3 Nf6 4.Bg2 Nc6 5.O-O Be7 6.d4 b6 7.Nc3 a6 8.Ne5 Nxe5
9.dxe5 Nd7 10.cxd5 Rb8 11.f4 Bc5+ 12.Kh1 O-O 13.e4 Bb7 14.Na4 Qe7 15.Nxc5 Nxc5
16.b4 Nd7 17.Qb3 Rfc8 18.Ba3 b5 19.Rad1 c5 20.bxc5 Nxc5 21.Qe3 exd5 22.exd5 a5
23.Rc1 b4 24.Bb2 Ba8 25.Bd4 Na4 26.Kg1 Qe8 27.d6 Bxg2 28.Kxg2 Qd7 29.Qf3 Nb6
30.Bxb6 Rxb6 31.Rxc8+ Qxc8 32.Rc1 Qe8 33.d7  1-0

[Event "6th Polonia Wroclaw Open A"]
[Site "Wroclaw POL"]
[Date "2011.07.05"]
[Round "2"]
[White "Dubinski,M"]
[Black "Stachowiak,K"]
[Result "0-1"]
[WhiteElo "2226"]
[BlackElo "2436"]

1.Nf3 d5 2.c4 e6 3.b3 Nf6 4.Bb2 Bd6 5.g3 O-O 6.Bg2 Nbd7 7.O-O b6 8.cxd5 exd5
9.d4 Re8 10.Nc3 Bb7 11.Rc1 a6 12.e3 Rc8 13.Qe2 c5 14.Rfd1 c4 15.bxc4 dxc4
16.a4 Nd5 17.Ne5 Nxc3 18.Bxc3 Bxg2 19.Kxg2 Bxe5 20.dxe5 Qc7 21.Qg4 Nf8 22.Rd6 b5
23.Qd4 b4 24.Be1 a5 25.f4 c3 26.h4 Ne6 27.Qd5 Qc4 28.Qxc4 Rxc4 29.Ra6 Rec8
30.Rxa5 Nc5 31.Rb5 Nd3 32.Ra1 g6 33.a5 c2 34.Bd2 c1=Q 35.Bxc1 Rxc1 36.Rxc1 Rxc1
37.Kf3 Ra1 38.Ke4 Ra3 39.Kd4 Ne1 40.Rxb4 Nc2+ 41.Kc4 Nxb4 42.Kxb4 Rxe3 43.a6 Re1
44.Kb5 Kf8 45.a7 Ra1 46.Kb6 Ke7 47.g4 Ke6 48.Kb7 h5 49.f5+ gxf5 50.gxh5 Kxe5
51.h6 Kf6 52.a8=Q Rxa8 53.Kxa8 f4  0-1

[Event "XXXIV Open"]
[Site "Barbera del Valles ESP"]
[Date "2011.07.06"]
[Round "3"]
[White "Balague Camps,M"]
[Black "Sanchez Dengra,J"]
[Result "0-1"]
[WhiteElo "2119"]
[BlackElo "1986"]

1.Nf3 d5 2.c4 c6 3.e3 Nf6 4.b3 Bg4 5.Bb2 Nbd7 6.Be2 e6 7.O-O Bd6 8.Nc3 O-O
9.d4 Re8 10.Qc2 dxc4 11.bxc4 e5 12.dxe5 Nxe5 13.Nd4 Bxe2 14.Ncxe2 Ng6 15.Nf5 Be5
16.Bxe5 Nxe5 17.Rfd1 Qc7 18.Nd6 Red8 19.c5 b6 20.Rac1 Nd5 21.Rb1 bxc5 22.Ne4 c4
23.Nd2 Ng4 24.Ng3 Ngxe3 25.fxe3 Nxe3 26.Qc3 Rd3 27.Qa1 Nxd1 28.Nxc4 Qf4 29.Rxd1 Rxd1+
30.Qxd1 Qxc4 31.h3 Qxa2 32.Qg4 Qe6 33.Nf5 g6 34.Nh6+ Kg7 35.Qf4 Rd8 36.Ng4 Rd1+
37.Kf2 Qe1+ 38.Kf3 Rd3+  0-1

[Event "TCh-TUR 2nd League 2011"]
[Site "Konya TUR"]
[Date "2011.07.06"]
[Round "3"]
[White "Erden,K"]
[Black "Kilic,I"]
[Result "1/2-1/2"]
[WhiteElo "2240"]
[BlackElo "2058"]

1.Nf3 d5 2.c4 c6 3.cxd5 cxd5 4.d4 Nf6 5.Nc3 g6 6.Qb3 Bg7 7.Bg5 e6 8.e3 O-O
9.Be2 Nc6 10.O-O Na5 11.Qc2 a6 12.b4 Nc6 13.Rab1 h6 14.Bh4 g5 15.Bg3 Nh5
16.Ne1 Nxg3 17.hxg3 e5 18.dxe5 d4 19.Rd1 Bxe5 20.Nf3 Nxb4 21.Qb3 Qc7 22.exd4 Bd6
23.Ne4 Bf5 24.Rc1 Qe7 25.Nxd6 Qxd6 26.Rc5 Rae8 27.Bc4 b5 28.Qxb4 bxc4 29.Qxc4 Be6
30.d5 Rc8 31.Rc1 Rxc5 32.Qxc5 Qxd5 33.a4 Rc8 34.Qe3  1/2-1/2

[Event "10th La Fere Open"]
[Site "La Fere FRA"]
[Date "2011.07.06"]
[Round "6.39"]
[White "Dupont,Victor"]
[Black "Meunier,S"]
[Result "0-1"]
[WhiteElo "1609"]
[BlackElo "1950"]

1.Nf3 d5 2.c4 c6 3.g3 Nf6 4.Bg2 e6 5.O-O Be7 6.Nc3 O-O 7.cxd5 exd5 8.d4 Bg4
9.Qb3 Qb6 10.Qxb6 axb6 11.Re1 Nbd7 12.Bf4 Rfe8 13.Ne5 Nxe5 14.Bxe5 Nd7 15.Bf4 Bf6
16.Rad1 b5 17.a3 Nb6 18.f3 Bf5 19.e4 dxe4 20.fxe4 Bg4 21.Rd3 Nc4 22.b3 Nxa3
23.h3 Nc2 24.Rc1 Nb4 25.Rd2 Bd7 26.Bd6 Be7 27.Bxe7 Rxe7 28.d5 g6 29.dxc6 bxc6
30.e5 Ra3 31.Ne4 Be6 32.Rd4 Rxb3 33.Nc5 Rb2 34.Nxe6 Rxe6 35.Rd6 Rxe5 36.Bxc6 Nxc6
37.Rdxc6 Re3 38.R6c3 Rxc3 39.Rxc3 Kg7  0-1

[Event "Karvina Open"]
[Site "Karvina CZE"]
[Date "2011.07.07"]
[Round "6.27"]
[White "Snopek,J"]
[Black "Walica,Roman"]
[Result "1-0"]
[WhiteElo "1940"]
[BlackElo "1639"]

1.Nf3 d5 2.c4 c6 3.b3 Nf6 4.Bb2 e6 5.g3 Be7 6.Bg2 Nbd7 7.O-O O-O 8.Qc2 h6
9.d3 Re8 10.Nbd2 Nf8 11.e4 dxe4 12.dxe4 Ng6 13.Rad1 Qc7 14.e5 Nh7 15.Ne4 b6
16.h4 Bb7 17.c5 Rad8 18.Nd6 Bxd6 19.exd6 Qd7 20.h5 Ngf8 21.Ne5 Qc8 22.cxb6 axb6
23.Rd2 c5 24.Bxb7 Qxb7 25.Rfd1 f6 26.Ng4 e5 27.Qc4+ Kh8 28.Qd5 Qxd5 29.Rxd5 Rd7
30.a4 Red8 31.a5 bxa5 32.Rxc5 Rxd6 33.Rxd6 Rxd6 34.Rxa5 Rb6 35.Ra8 Rxb3 36.Ba3 Kg8
37.Ne3 Rb1+ 38.Kg2 Rb7 39.Nf5 Rf7 40.Nh4 f5 41.Ng6 e4 42.Kf1 Rf6 43.Be7 Rf7
44.Ke2 f4 45.g4  1-0

[Event "Lev Polugaevsky Mem"]
[Site "Samara RUS"]
[Date "2011.07.07"]
[Round "3"]
[White "Kondenko,A"]
[Black "Komendatyan,Artyom"]
[Result "1-0"]
[WhiteElo "2237"]
[BlackElo "2001"]

1.Nf3 d5 2.c4 e6 3.g3 Nf6 4.Bg2 d4 5.O-O c5 6.d3 Nc6 7.e3 Be7 8.exd4 cxd4
9.a3 a5 10.Re1 O-O 11.b3 Nd7 12.Ra2 e5 13.Rae2 f6 14.Nbd2 Qb6 15.Ne4 f5 16.c5 Qd8
17.Nd6 Nxc5 18.Nxc8 Rxc8 19.Nxe5 Nxe5 20.Rxe5 Bd6 21.Rd5 Qb6 22.Bb2 Nxb3
23.Rxd6 Qxd6 24.Qxb3+ Kh8 25.Qa4 h6 26.Qxa5 Rc2 27.Qb5 f4 28.Bc1 fxg3 29.fxg3 Rc5
30.Qb4 b6 31.Bf4 Qf6 32.Rf1 Rf5 33.Bh3  1-0

[Event "6th Polonia Wroclaw Open A"]
[Site "Wroclaw POL"]
[Date "2011.07.07"]
[Round "6"]
[White "Dubinski,M"]
[Black "Mondrzycki,B"]
[Result "1-0"]
[WhiteElo "2226"]
[BlackElo "2055"]

1.Nf3 d5 2.c4 dxc4 3.Na3 c5 4.Nxc4 b5 5.Na3 a6 6.g3 Bb7 7.Bg2 Nf6 8.O-O e6
9.d3 Be7 10.Be3 Nd5 11.Bd2 Nc6 12.Nc2 O-O 13.d4 cxd4 14.Ncxd4 Nxd4 15.Nxd4 Bf6
16.Nb3 Bxb2 17.Rb1 Bc3 18.Nc5 Bc6 19.e4 Nb4 20.Bxc3 Nxa2 21.Qxd8 Rfxd8 22.Ba5 Rd4
23.Rb2 Rc4 24.Nd3 Ra4 25.Bd2 Rd8 26.Nc5 Rc4 27.Nxa6  1-0

[Event "31st Benasque Open"]
[Site "Benasque ESP"]
[Date "2011.07.08"]
[Round "2"]
[White "Burmakin,V"]
[Black "Gimenez Martinez,A"]
[Result "1-0"]
[WhiteElo "2579"]
[BlackElo "2164"]

1.Nf3 d5 2.c4 e6 3.g3 Nf6 4.Bg2 Be7 5.O-O O-O 6.b3 c6 7.Bb2 Nbd7 8.Nc3 b6
9.d3 Bb7 10.e4 dxe4 11.dxe4 c5 12.e5 Ne4 13.Ne2 Qc7 14.Qc1 f6 15.Nf4 Kf7
16.exf6 Bxf6 17.Bxf6 Ndxf6 18.Qb2 Rae8 19.Rae1 Kg8 20.Ne5 Ng5 21.Bxb7 Qxb7
22.h4 Nf7 23.Nxf7 Qxf7 24.Nd3 Ng4 25.Re4 Qf3 26.Qe2 Qxe2 27.Rxe2 Rf3 28.Nf4 e5
29.Kg2 Rc3 30.Rd1 Nf6 31.Nd5 Nxd5 32.Rxd5 e4 33.Rd7 a6 34.Rd6 b5 35.Rd5 Rc8
36.Rxe4 Rc2 37.a4 Rf8 38.axb5 axb5 39.cxb5 Rfxf2+ 40.Kh3 Rf3 41.Rd7 h5 42.Re8+ Kh7
43.Ree7 Rxb3 44.Rxg7+ Kh8 45.Rh7+ Kg8 46.Rdg7+ Kf8 47.Rb7 Kg8 48.Rxh5  1-0

[Event "1st Crakow Closed GM"]
[Site "Krakow POL"]
[Date "2011.07.08"]
[Round "7.4"]
[White "Jakubiec,A"]
[Black "Fodor,T jr"]
[Result "1/2-1/2"]
[WhiteElo "2532"]
[BlackElo "2460"]

1.Nf3 d5 2.c4 c6 3.e3 Nf6 4.Qc2 g6 5.b3 Bg7 6.Bb2 O-O 7.Be2 Nbd7 8.O-O Re8
9.d4 Ne4 10.cxd5 cxd5 11.Nc3 Ndf6 12.Nxe4 Nxe4 13.Rfc1 Bf8 14.Qc7 e6 15.Bd3 Qxc7
16.Rxc7 Bd6 17.Rc2 Nf6 18.Ne5 Rd8 19.Bc3 Nd7 20.Be2 Nxe5 21.dxe5 Bf8 22.Bb5 Bd7
23.Bxd7 Rxd7 24.Bb2 b6 25.Kf1 Bc5 26.Ke2 Kf8 27.a3 Ke8 28.b4 Be7 29.Bd4 Kd8
30.Rac1 Rb7 31.Rc6 Rbb8 32.Kd2  1/2-1/2

[Event "Open ch-SVK A"]
[Site "Banska Stiavnica SVK"]
[Date "2011.07.09"]
[Round "1"]
[White "Gonda,L"]
[Black "Ondrus,M"]
[Result "1-0"]
[WhiteElo "2512"]
[BlackElo "2313"]

1.Nf3 d5 2.c4 d4 3.g3 Nc6 4.Bg2 e5 5.d3 Nf6 6.O-O Nd7 7.e3 Be7 8.exd4 exd4
9.Na3 Nc5 10.Re1 O-O 11.Ne5 Nb4 12.Nc2 a5 13.Nxb4 axb4 14.Bd2 b3 15.a3 Ra6
16.Bb4 Rb6 17.Bd5 Ne6 18.Ba5 Ra6 19.Bd2 c6 20.Nxf7 Kxf7 21.Qh5+ g6 22.Qxh7+ Kf6
23.Rxe6+ Bxe6 24.Bg5+  1-0

[Event "5th Varna Open"]
[Site "Golden Sands BUL"]
[Date "2011.07.09"]
[Round "8"]
[White "Mukhtarov,Kanan Arif oglu"]
[Black "Stjazhkina,O"]
[Result "0-1"]
[WhiteElo "1864"]
[BlackElo "2247"]

1.Nf3 d5 2.c4 c6 3.e3 Nf6 4.d4 e6 5.Bd3 dxc4 6.Bxc4 b5 7.Bd3 a6 8.O-O Bb7
9.a3 c5 10.dxc5 Bxc5 11.b4 Be7 12.Bb2 O-O 13.Nc3 Nbd7 14.e4 e5 15.Re1 Re8
16.Qb3 Bf8 17.Rad1 h6 18.h3 Qb8 19.Nd5 Bxd5 20.exd5 e4 21.Bb1 exf3 22.Qxf3 Qd6
23.Ba2 Ne5 24.Bxe5 Rxe5 25.Rxe5 Qxe5 26.d6 Rd8 27.Qb7 Rd7 28.Qxa6 Rxd6 29.Rxd6 Bxd6
30.Qc8+ Kh7 31.Qc2+ g6 32.g3 Kg7 33.Qb3 Qe1+ 34.Kg2 Qe7  0-1